Представление документа в формате MARC21

Поле Инд. ПП Название Значение
Тип записи a
Библиографический уровень b
001 Контрольный номер 1e17a5b9da50480ab163acbe4b9c054f
005 Дата корректировки 20260324153648.8
024 80 a Стандартный номер 10.1088/1748-0221/20/07/p07021
040 a Служба первич. каталог. РИНЦ
b Код языка каталог. rus
041 0_ a Код языка текста eng
097 a Василенко М.А.
100 1_ a Автор Temerbulatova N. T.
100 1_ a Автор Mirzayev N. A.
100 1_ a Автор Karaivanov D. V.
100 1_ a Автор Filosofov D. V.
c Титул (звания) ; кандидат химических наук; доцент (должность);
i 000091006
g Прочие сведения РИНЦ AuthorID: 41580 (http://elibrary.ru/author_items.asp?authorid=41580); Scopus Author ID: 6506322487 (https://www.scopus.com/authid/detail.uri?authorId=6506322487)
k Кафедра химии, новых технологий и материалов; Кафедра ядерной физики; Факультет естественных и инженерных наук; Инженерно-физический институт
q Полное имя Философов Дмитрий Владимирович
u Дополнение Философов Д. В.; Filosofov D. V.
245 10 a Заглавие Production of Tin-Lead Solder Based on Archaeological Lead for Low-Background Experiments
773 18 t Название источника Journal of Instrumentation
b Сведения об издании IOP Publishing Ltd.
c United Kingdom
d Место и дата издания 2025
m Специф. данные входит в Белый список; входит в Scopus;входит в WoS;Входит в ядро РИНЦ;зарубежный журнал;ненулевой импакт-фактор
p J. Instrum.
q У2 Белый список
o Прочие индексы scopus 0.74
x ISSN 1748-0221
g Прочая информация Т. 20. - № 7. - С. P07021
w Контрольный № источника 7e578aa61e4f4ef1932863bea8acfa2d
856 40 u URL https://elibrary.ru/item.asp?id=85496588
901 t Тип документа b
952 c Вид литературы статья в журнале